00630nam a2200205 a 4500008004100000020002900041040001600070100001800086245006800104260003800172300001900210300004600229336002800275337003000303338002900333500002000362650002400382003000100406005001700407  a9780124158429 (hardback) aNUST cNUST1 aParent, Rick.10aComputer Animation: bAgorithms and Techniques /cParent, Rick. aUnited States :bElsevier, c2012 aThird Edition. axvii, 515 pages :billustrations ;c26 cm atextbtxt2rdacontent  aunmediatedbn2rdamedia  avolumebnc2rdacarrier  aIncludes index. 1aComputer Animation.20230123141213.0